Normal view
MARC view
Entry Topical Term
001 - CONTROL NUMBER
- control field: 49082
003 - CONTROL NUMBER IDENTIFIER
- control field: OSt
005 - DATE AND TIME OF LATEST TRANSACTION
- control field: 20241126105207.0
008 - FIXED-LENGTH DATA ELEMENTS
- fixed length control field: 241126|| aca||aabn | a|a d
040 ## - CATALOGING SOURCE
- Original cataloging agency: OSt
- Transcribing agency: OSt
150 ## - HEADING--TOPICAL TERM
- Topical term or geographic name entry element: Governor, Discretionary powers, President’s rule, Constituent assembly, Judiciary.
670 ## - SOURCE DATA FOUND
- Source citation: Work cat.: (OSt): Roy, Lakshmeshwar Prasad 49081, Governor’s discretionary powers and the centre: A study in context of president’s rule in Indian states
